| 000 | 00814cam a2200229 a 4500 | ||
|---|---|---|---|
| 001 | 000002367 | ||
| 005 | 20200929150205.0 | ||
| 008 | 740221s1966 mx b 000 faspa | ||
| 040 |
_aDO-SdBNP _bspa _cBNPHU |
||
| 041 | 1 | 7 |
_aspa _heng |
| 082 |
_a843 _bL653s |
||
| 100 | 1 |
_aLeulliette, Pierre. _97528 |
|
| 245 | 1 | 0 |
_aSan Miguel y el dragón : _bmemorias de un paracaidista / _cPierre Leulliette; traductor, Eduardo Escalona; prólogo, Max Lerner. |
| 260 |
_aMéxico : _bDiana, _c1966. |
||
| 300 |
_axiii, 334 p. ; _c23 cm. |
||
| 534 |
_aTítulo original : _tSt. Michael and the dragon |
||
| 534 |
_aTítulo original en frances : _tSaint Michel et le dragon |
||
| 650 | 4 |
_aNovela francesa _91075 |
|
| 650 | 4 |
_aLiteratura francesa _91074 |
|
| 700 | 1 |
_aEscalona, Eduardo _etr. _97529 |
|
| 700 | 1 |
_aLerner, Max _eprol. _97530 |
|
| 999 |
_c2209 _d2209 |
||